000 00696nam a2200205 i 4500
001 52598
003 ES-MaACL
005 20230906162616.0
007 t|
008 030901s1921 it ||||1| ita d
100 1 _aGhersi, Italo.
_956562
245 1 0 _aRicettario industrialle
_b: moderna enciclopedia di arti e mestieri : 9790 procedimenti utili nelle grandi e piccole industrie nelle arti e nei mestieri /
_cItalo Ghersi.
250 _a8ยช. ed. rimodernata ed accresciuta.
260 _aMilano :
_bU. Hoepli,
_c1921 (
_fTip. Sociale)
300 _a1654 p. ;
_c15 cm.
490 1 _aManuali Hoepli
830 0 _aManuali Hoepli
_9180782
852 _aES-MaACL
_jF-13457
999 _c52598
_d52598